| 000 | 00532nam a2200181Ia 4500 | ||
|---|---|---|---|
| 001 | 20444 | ||
| 005 | 20260306172806.0 | ||
| 008 | 260306t2013||||xx |||||||||||||| ||spa|| | ||
| 041 | _aESP | ||
| 082 |
_a343.21 _bJ35 |
||
| 100 |
_aQuesada, Luis Jimena _eAUT |
||
| 245 | 0 |
_aJurisdicción nacional y control de convencionalidad: _ba propósito de diálogo judicial global y de la tutela multinivel de derechos |
|
| 260 | _c2013 | ||
| 300 |
_a174 páginas : _c23 cm. |
||
| 650 | _aGEN | ||
| 654 | _aCDE | ||
| 942 |
_cLIB _dJUS _fJUS _2ddc _n |
||
| 999 |
_c20444 _d20444 |
||